Britney Spears - Une lettre, une chanson - Statistiques

Statistiques générales
  • Ce quiz a été pris 32 fois
  • Le résultat moyen est 9 sur 24
Statistiques - réponses
Lettres Chansons % Correct
B ...Baby One More Time / The Beat Goes On / Before the Goodbye / Better / Big Fat Bass / Blur / Body Ache / Bombastic Love / Born to Make You Happy / Boys / Brave New Girl / Break the Ice / Breathe on Me / Brightest Morning Star
84%
O One Kiss from You / Ooh La La / Ooh Ooh Baby / Oops!... I Did It Again / Out from Under / Outrageous / Outta This World / Overprotected
80%
T That's Where You Take Me / Thinkin' About You / Tik Tik Boom / Til It’s Gone / Till the World Ends / Touch of My Hand / Toxic / Toy Soldier / Trip to Your Heart / Trouble / Trouble for Me
80%
C Can't Make You Love Me / Change Your Mind (No Seas Cortés) / Chillin' with You / Cinderella / Circus / Clumsy / Coupure Électrique / Criminal
76%
W What It's Like to Be Me / What U See (Is What U Get) / What You Need / When I Found You / When Your Eyes Say It / Where Are You Now / Why Should I Be Sad / Womanizer /Work Bitch
76%
G Gasoline / Get Back / Get Naked (I Got a Plan) / Gimme More / Girl in the Mirror
52%
E E-Mail My Heart / Early Mornin / Everybody / Everytime
48%
Y (You Drive Me) Crazy / You Got It All
44%
S Scary / Seal It With a Kiss / Selfish / Shadow / Shattered Glass / Showdown / Slumber Party / Soda Pop / Someday (I Will Understand) / Sometimes / Stronger
40%
Chiffres 3
36%
L Lace and Leather / Let Me Be / Liar / Lonely / Love Me Down / Lucky
36%
M Make Me... / Man on the Moon / Mannequin / Me Against the Music / Mmm Papi / My Baby / My Only Wish (This Year) / My Prerogative
32%
A Alien / Amnesia / And Then We Kiss / The Answer / Anticipating / Autumn Goodbye
28%
D Dear Diary / Deep In My Heart / Do Somethin' / Do You Wanna Come Over? / Don't Go Knockin' on My Door / Don't Hang Up / Don't Keep Me Waiting / Don't Let Me Be the Last to Know / Don’t Cry / (Drop Dead) Beautiful
28%
P Passenger / Perfect Lover / Perfume / Phonography / Piece of Me / Pretty Girls / Private Show
28%
H Hands / Hard to Forget Ya / He About to Lose Me / Heart / Heaven On Earth / Hold It Against Me / Hold on Tight / The Hook Up / Hot as Ice / How I Roll
24%
T Radar / Right Now (Taste the Victory) / Rock Boy / Rock Me In
24%
F Freakshow / From The Bottom Of My Broken Heart
16%
U Unusual You / Up N' Down
12%
J Just Like Me / Just Luv Me
4%
K Kill the Lights
4%
I (I Can't Get No) Satisfaction / (I Got That) Boom Boom / I Love Rock 'n' Roll / I Run Away / I Wanna Go / I Will Be There / I Will Still Love You / I'll Never Stop Loving You / I'm a Slave 4 U / I'm Not a Girl, Not Yet a Woman / I'm So Curious / I've Just Begun (Having My Fun) / If I'm Dancing / If U Seek Amy / Inside Out / Intimidated / Invitation / It Should Be Easy
0%
N Now That I Found You
0%
Q Quicksand
0%
Aucun quiz correspondant
Distribution des résultats
% des personnes avec chaque résultat
Percentile par nombre de réponses
Votre historique - résultats
Vous n’avez pas pris ce quiz